000 01163nam a2200409 a 4500
003 AR-BaBNM
005 20251128204312.0
008 082120s2002 ||||||||||||||000 | spa||
040 _cAR-BaBNM
100 1 _aDurazzo, Ana María
245 0 0 _aConstructivismo en el jardín
_n1
260 _a[S.l.]
_bVocación Docente
_c1992
300 _a95 p.
_bil., cuadros
600 1 4 _aPiaget, Jean
600 1 4 _aDewey, John
650 4 _aMAESTROS DE PREPRIMARIA
650 4 _aEDUCACION DE LA PRIMERA INFANCIA
650 4 _aPSICOLOGIA DE LA EDUCACION
650 4 _aPROCESOS PSICOPEDAGOGICOS
650 4 _aPROCESO DE APRENDIZAJE
650 4 _aPROCESO COGNOSCITIVO
650 4 _aROL DEL DOCENTE
650 4 _aGUIAS PEDAGOGICAS
650 4 _aPLANIFICACION ESCOLAR
650 4 _aTECNICAS DIDACTICAS
650 4 _aJUEGOS EDUCATIVOS
650 4 _aJUEGOS INFANTILES
650 4 _aCONCEPTOS MATEMATICOS
650 4 _aPRIMERA INFANCIA
653 _aJARDINES DE INFANTES
653 _aINTERACCION EDUCATIVA
653 _aLECTOESCRITURA
653 _aEDUCACION INICIAL
700 1 _aPérez Patiño, María Isabel
942 _cBK
998 _cEthel
999 _c6949
_d6949